Score 0/16 Timer 02:00
0 Plays Today
Question Answer Wrong Answers
Operation
Addition
Addition
96.8%
Subtraction
0.5%
Multiplication
0%
Division
0.4%
Alternate symbol name
Plus
Addition
95.6%
Subtraction
0.4%
Multiplication
0.5%
Division
0.2%
Operation
Division
Division
95.4%
Addition
1.2%
Subtraction
0.4%
Multiplication
0.4%
Alternate symbol name
Minus
Subtraction
95.4%
Addition
0.4%
Multiplication
0.2%
Division
0.7%
Operation
Multiplication
Multiplication
95.3%
Addition
0.9%
Subtraction
0.5%
Division
0.2%
Operation
Subtraction
Subtraction
95.3%
Addition
0.7%
Multiplication
0.2%
Division
0.9%
Result of Operation
Sum
Addition
94.9%
Subtraction
1.1%
Multiplication
1.1%
Division
0.4%
Operand
Dividend
Division
94.9%
Addition
0.9%
Subtraction
0.6%
Multiplication
0.9%
Alternate symbol name
Times
Multiplication
94.4%
Addition
1.8%
Subtraction
0.5%
Division
0.5%
Operand
Multiplicand
Multiplication
93.6%
Addition
1.5%
Subtraction
0.4%
Division
0.9%
Operand
Addend
Addition
93.2%
Subtraction
1.9%
Multiplication
1.3%
Division
0.4%
Result of Operation
Difference
Subtraction
87.3%
Addition
1.2%
Multiplication
1.8%
Division
7.2%
Operand
Subtrahend
Subtraction
87%
Addition
1.3%
Multiplication
2.6%
Division
6.2%
Result of Operation
Quotient
Division
83.3%
Addition
3.5%
Subtraction
1.4%
Multiplication
8.4%
Result of Operation
Product
Multiplication
82.4%
Addition
10.2%
Subtraction
1.4%
Division
2.8%
Alternate symbol name
Obelus
Division
71.9%
Addition
5.4%
Subtraction
11.4%
Multiplication
8.3%
Remove Ads.
Support Sporcle.
Get the best of Sporcle when you Go Orange. This ad-free experience offers more features, more stats, and more fun while also helping to support Sporcle. Thank you for becoming a member.

You're not logged in!

Compare scores with friends on all Sporcle quizzes.
OR
Log In

Show Comments

Extras

Top Quizzes Today


Score Distribution

Your Account Isn't Verified!

In order to create a playlist on Sporcle, you need to verify the email address you used during registration. Go to your Sporcle Settings to finish the process.

Report this User

Report this user for behavior that violates our Community Guidelines.

Details: